[Event "4NCL Online Division 2"]
[Site "online"]
[Date "2020.08.25"]
[Round "1.122"]
[White "Wilks, Simon"]
[Black "Robertson, Mark M"]
[Result "1-0"]
[WhiteElo "2207"]
[BlackElo "2087"]
[PlyCount "89"]
[EventDate "2020.08.25"]
[WhiteTeam "Mushrooms 1"]
[BlackTeam "Catford Cosmonauts 1"]

1. e4 d6 2. d4 Nf6 3. Nc3 g6 4. f4 Bg7 5. Nf3 O-O 6. Bd3 Na6 7. O-O c5 8. d5
Bg4 9. Bc4 Nd7 10. h3 Bxf3 11. Qxf3 Nc7 12. a4 e6 13. Qd3 Bd4+ 14. Kh1 Nb6 15.
dxe6 fxe6 16. a5 Nxc4 17. Qxc4 d5 18. Qd3 Qf6 19. exd5 exd5 20. Nb5 Nxb5 21.
Qxb5 Qc6 22. Qd3 Rae8 23. c3 Bg7 24. Bd2 c4 25. Qf3 Re4 26. Rae1 Rfe8 27. Rxe4
dxe4 28. Qf2 Qd5 29. Be3 Qxa5 30. Bxa7 Qd5 31. Be3 b5 32. Qe2 Qd3 33. Qf2 Rf8
34. Bc5 Rc8 35. Re1 Rd8 36. f5 Bh6 37. fxg6 hxg6 38. Qf6 Kh7 39. Qe7+ Bg7 40.
Rxe4 Qf1+ 41. Kh2 Rd5 42. Rh4+ Kg8 43. Qe8+ Bf8 44. Bxf8 Qxf8 45. Rh8+ 1-0

[Event "4NCL Online Division 2"]
[Site "online"]
[Date "2020.08.25"]
[Round "1.123"]
[White "Roberts, Mike"]
[Black "Wilson, David Jn"]
[Result "1-0"]
[WhiteElo "2042"]
[BlackElo "2035"]
[PlyCount "69"]
[EventDate "2020.08.25"]
[WhiteTeam "Catford Cosmonauts 1"]
[BlackTeam "Mushrooms 1"]

1. e4 c5 2. Nf3 g6 3. c3 Bg7 4. d4 cxd4 5. cxd4 Nf6 6. Nc3 O-O 7. e5 Ne8 8. Bc4
Nc6 9. h4 d6 10. h5 dxe5 11. hxg6 hxg6 12. d5 Nd4 13. Bh6 Bg4 14. Qd2 Nxf3+ 15.
gxf3 Bh5 16. Rxh5 gxh5 17. O-O-O Qd6 18. Rg1 Kh7 19. Bxg7 Nxg7 20. Ne4 Qh6 21.
Ng5+ Kg8 22. Kb1 Rac8 23. Bd3 f5 24. Qb4 Qd6 25. Qxb7 Qb6 26. Qxe7 Qxf2 27. Nh3
Qxg1+ 28. Nxg1 e4 29. fxe4 fxe4 30. Qxe4 Nf5 31. Qe6+ Kg7 32. Bxf5 Rfe8 33.
Qg6+ Kf8 34. Be6 Rc7 35. Qf6+ 1-0

[Event "4NCL Online Division 2"]
[Site "online"]
[Date "2020.08.25"]
[Round "1.124"]
[White "Davies, Neil"]
[Black "Turner, Howard"]
[Result "1-0"]
[WhiteElo "1930"]
[BlackElo "1930"]
[PlyCount "85"]
[EventDate "2020.08.25"]
[WhiteTeam "Mushrooms 1"]
[BlackTeam "Catford Cosmonauts 1"]

1. Nf3 g6 2. d4 Nf6 3. Bg5 Bg7 4. Bxf6 exf6 5. e3 O-O 6. Be2 d5 7. O-O Bg4 8.
Nfd2 Bxe2 9. Qxe2 f5 10. c4 c5 11. Nc3 cxd4 12. Nxd5 Nc6 13. Rfd1 Re8 14. Nf3
Qd6 15. Qc2 dxe3 16. Nxe3 Nd4 17. Nxd4 Bxd4 18. Nd5 Be5 19. g3 Rac8 20. Rac1
Qb8 21. b3 Rc6 22. Re1 Rce6 23. Qd2 f4 24. Rcd1 fxg3 25. hxg3 Bxg3 26. Rxe6
Bh2+ 27. Kg2 Rxe6 28. f4 Qe8 29. Qf2 Kg7 30. Qd4+ f6 31. Kxh2 Re2+ 32. Kg3 Qe6
33. Rd2 Re1 34. Qxa7 h5 35. Qxb7+ Kh6 36. Kf2 Rh1 37. Ne3 Rh2+ 38. Ng2 Qg4 39.
Kg1 Qh3 40. Rd8 Rh1+ 41. Kf2 g5 42. Rh8+ Kg6 43. Qh7# 1-0

[Event "4NCL Online Division 2"]
[Site "online"]
[Date "2020.08.25"]
[Round "1.131"]
[White "Walkusz, Miroslaw"]
[Black "Watson, Mikey J"]
[Result "1-0"]
[WhiteElo "1939"]
[BlackElo "2155"]
[PlyCount "111"]
[EventDate "2020.08.25"]
[WhiteTeam "Harrow 2"]
[BlackTeam "Kent KJCA Kestrels B"]

1. d4 Nf6 2. c4 c5 3. d5 e5 4. Nc3 d6 5. e4 Be7 6. h3 Nbd7 7. Bd3 Nf8 8. Nge2
Ng6 9. Ng3 O-O 10. a3 h6 11. O-O Nh7 12. b4 b6 13. Kh2 Bg5 14. Bb2 Bf4 15. Kh1
Bg5 16. Nce2 Nf4 17. Bc2 g6 18. Ng1 h5 19. N3e2 h4 20. Nxf4 Bxf4 21. Ne2 Bh6
22. f4 f6 23. Qe1 g5 24. f5 Bd7 25. b5 Rf7 26. a4 Nf8 27. Nc3 Rg7 28. Bd1 Be8
29. Bg4 Nd7 30. Qe2 Rh7 31. Ra3 a5 32. bxa6 Nb8 33. Bh5 Bxh5 34. Qxh5 Bf8 35.
Qe2 Nxa6 36. Rb1 Nb4 37. Rb3 Rg7 38. Ba3 g4 39. hxg4 Rh7 40. Bxb4 cxb4 41. Rxb4
Ra6 42. R4b3 Qc8 43. Rxb6 Rxb6 44. Rxb6 Qc5 45. Rb1 Qa3 46. Qb2 Qc5 47. Qe2 Qa3
48. Qe3 Rg7 49. Rb8 Qa1+ 50. Kh2 Qf1 51. Ne2 Qa1 52. Qh6 h3 53. Qxf6 Rf7 54.
Qg6+ Rg7 55. Qe6+ Kh7 56. Rb3 1-0

[Event "4NCL Online Division 2"]
[Site "online"]
[Date "2020.08.25"]
[Round "1.132"]
[White "Jugand, Jean-Baptiste"]
[Black "Patel, Rishi"]
[Result "1/2-1/2"]
[WhiteElo "2057"]
[BlackElo "1891"]
[PlyCount "69"]
[EventDate "2020.08.25"]
[WhiteTeam "Kent KJCA Kestrels B"]
[BlackTeam "Harrow 2"]

1. e4 e5 2. f4 Bc5 3. Nf3 Nc6 4. c3 d6 5. d4 exd4 6. cxd4 Bb6 7. Be2 Nf6 8. Nc3
O-O 9. O-O Re8 10. Kh1 Nxe4 11. Nxe4 Rxe4 12. Bd3 Re8 13. Ng5 h6 14. d5 Nd4 15.
Qh5 Qf6 16. Nh7 Qe7 17. Bd2 Bf5 18. Bxf5 Qe2 19. Bg6 Qxh5 20. Bxh5 Kxh7 21.
Bxf7 Re7 22. Bh5 g6 23. Bg4 Nf5 24. Rae1 Rae8 25. Rxe7+ Rxe7 26. Re1 Rxe1+ 27.
Bxe1 Bd4 28. b3 Kg7 29. Bf3 Kf6 30. g4 Ne3 31. a4 Nc2 32. Bd2 g5 33. h4 gxf4
34. Bxf4 Be3 35. Bg3 1/2-1/2

[Event "4NCL Online Division 2"]
[Site "online"]
[Date "2020.08.25"]
[Round "1.133"]
[White "Dhemrait, Jagdeep"]
[Black "Ratnesan, Rajeiv"]
[Result "1-0"]
[WhiteElo "1810"]
[BlackElo "1900"]
[PlyCount "119"]
[EventDate "2020.08.25"]
[WhiteTeam "Harrow 2"]
[BlackTeam "Kent KJCA Kestrels B"]

1. e4 b6 2. d4 Bb7 3. Bd3 e6 4. c3 Nf6 5. Qe2 d5 6. e5 Nfd7 7. f4 c5 8. Nf3 Nc6
9. a3 cxd4 10. cxd4 Be7 11. Nc3 Rc8 12. O-O g6 13. f5 gxf5 14. Bh6 Rg8 15. Qe3
Nf8 16. Rfe1 a6 17. Rac1 b5 18. b4 Nd7 19. Ne2 Nb6 20. Ng3 Nc4 21. Bxc4 bxc4
22. Nh5 Qb6 23. Red1 Kd7 24. Bg5 Bxg5 25. Nxg5 Ne7 26. Nf6+ Kc7 27. Nxg8 Rxg8
28. Nxf7 Rg7 29. Ng5 Bc8 30. Nf3 Bd7 31. Qh6 Rf7 32. Ng5 Ng8 33. Qh4 Rg7 34.
Nxh7 Qb8 35. Nf6 Nxf6 36. exf6 Rg6 37. Qf4+ Kb7 38. Qxb8+ Kxb8 39. f7 Rf6 40.
Rc3 Rxf7 41. Re1 Kc7 42. Kf2 Kd6 43. h4 Rh7 44. Rh3 Kc6 45. h5 Kb5 46. Ree3 a5
47. bxa5 Kxa5 48. h6 Ba4 49. Reg3 f4 50. Rg7 Bc2 51. Rxh7 Bxh7 52. Rc3 Kb5 53.
Ke2 e5 54. dxe5 d4 55. Rc1 c3 56. e6 d3+ 57. Kd1 Kc4 58. e7 Kb3 59. e8=Q c2+
60. Kd2 1-0

[Event "4NCL Online Division 2"]
[Site "online"]
[Date "2020.08.25"]
[Round "1.134"]
[White "Keenan, Brendan"]
[Black "Pradeep, Verma"]
[Result "0-1"]
[WhiteElo "1952"]
[BlackElo "1401"]
[PlyCount "108"]
[EventDate "2020.08.25"]
[WhiteTeam "Kent KJCA Kestrels B"]
[BlackTeam "Harrow 2"]

1. d4 g6 2. Bf4 Bg7 3. e3 d6 4. Nf3 Nd7 5. Be2 e5 6. Bg3 Nh6 7. Bh4 f6 8. dxe5
dxe5 9. Bc4 Qe7 10. Nc3 Nb6 11. Bb3 Be6 12. e4 Rd8 13. Qe2 O-O 14. O-O Nf7 15.
Rfd1 c6 16. Ne1 Rxd1 17. Rxd1 Bxb3 18. axb3 Rd8 19. Rd3 Nc8 20. f3 Ncd6 21. Qd1
h5 22. Bf2 b6 23. Ne2 f5 24. Nc3 fxe4 25. fxe4 Bf6 26. Qe2 Kg7 27. Nf3 Qe6 28.
Nh4 g5 29. Nf5+ Nxf5 30. exf5 Qxf5 31. Rxd8 Bxd8 32. Ne4 g4 33. Ng3 Qg6 34. Qc4
Ng5 35. Be1 h4 36. Nf1 Ne4 37. Bc3 Nxc3 38. bxc3 c5 39. Qd5 Bf6 40. Qd7+ Kh6
41. Ne3 Kh5 42. Qe6 g3 43. Nd5 gxh2+ 44. Kh1 Bg7 45. Qh3 Qe4 46. Ne3 Bh6 47.
Nf1 Bf4 48. Qe6 Qxc2 49. Qf7+ Qg6 50. Qxa7 h3 51. g3 Qe4+ 52. Kxh2 Qe2+ 53.
Kxh3 Qxf1+ 54. Kh2 Qf2+ 0-1

[Event "4NCL Online Division 2"]
[Site "online"]
[Date "2020.08.25"]
[Round "1.141"]
[White "McGettigan, Andrew"]
[Black "Fletcher, John"]
[Result "1-0"]
[WhiteElo "2050"]
[BlackElo "1994"]
[PlyCount "53"]
[EventDate "2020.08.25"]
[WhiteTeam "CSC 3"]
[BlackTeam "The Full Ponty"]

1. e4 c5 2. Nf3 Nc6 3. Bb5 g6 4. Bxc6 bxc6 5. d4 Bg7 6. dxc5 Qa5+ 7. Nbd2 Ba6
8. Rb1 Qxc5 9. b4 Qh5 10. c4 Nh6 11. h3 O-O 12. Qa4 Bb7 13. Nf1 Bc3+ 14. Ke2
Be5 15. Bxh6 Qxh6 16. Nxe5 Qf4 17. Nxd7 c5 18. Nxc5 Bxe4 19. Nxe4 Qxe4+ 20. Ne3
f5 21. f3 Qe6 22. Kf2 Qf6 23. Rhd1 Rfd8 24. Kg1 Qb6 25. c5 Qe6 26. Rxd8+ Rxd8
27. Qb3 1-0

[Event "4NCL Online Division 2"]
[Site "online"]
[Date "2020.08.25"]
[Round "1.142"]
[White "Jones, Ian Robert"]
[Black "Lees, Fraser A"]
[Result "1-0"]
[WhiteElo "1944"]
[BlackElo "1876"]
[PlyCount "91"]
[EventDate "2020.08.25"]
[WhiteTeam "The Full Ponty"]
[BlackTeam "CSC 3"]

1. e4 c5 2. d4 cxd4 3. c3 d3 4. Bxd3 Nc6 5. Nf3 d6 6. c4 Nf6 7. h3 g6 8. O-O
Bg7 9. Nc3 O-O 10. Be3 Bd7 11. Rc1 h6 12. Qd2 Kh7 13. Nd5 e6 14. Nxf6+ Qxf6 15.
b3 Rfd8 16. Nh2 e5 17. f4 Qe7 18. f5 g5 19. h4 f6 20. hxg5 fxg5 21. Ng4 Bf6 22.
Rf3 Kg7 23. Rh3 Rh8 24. Kf2 Rh7 25. Rch1 Rah8 26. Be2 Nd4 27. Nxf6 Qxf6 28. Bh5
Rf8 29. Rd1 Nxf5 30. exf5 Bxf5 31. Rf3 g4 32. Bxg4 Qh4+ 33. Kg1 Qxg4 34. Qxd6
Re8 35. Rdf1 Bg6 36. Bxa7 Rhh8 37. Qc7+ Kg8 38. Qc5 Qd4+ 39. Qxd4 exd4 40. Rg3
Kh7 41. Rf6 Rhg8 42. Bxd4 Rd8 43. Be3 Rd1+ 44. Kh2 Ra1 45. Rb6 Rg7 46. Bd4 1-0

[Event "4NCL Online Division 2"]
[Site "online"]
[Date "2020.08.25"]
[Round "1.143"]
[White "Kumar, Soham"]
[Black "Adams, Mark"]
[Result "0-1"]
[WhiteElo "1862"]
[BlackElo "1944"]
[PlyCount "88"]
[EventDate "2020.08.25"]
[WhiteTeam "CSC 3"]
[BlackTeam "The Full Ponty"]

1. e4 c5 2. Nf3 a6 3. d4 cxd4 4. Nxd4 Nf6 5. Nc3 e5 6. Nb3 Bb4 7. Bd2 O-O 8.
Bd3 Nc6 9. O-O Bxc3 10. Bxc3 d5 11. exd5 Nxd5 12. Qf3 Nxc3 13. bxc3 Qc7 14.
Rad1 Kh8 15. Rfe1 f6 16. Be4 Ne7 17. Qe3 Bf5 18. Bxf5 Nxf5 19. Qe4 g6 20. Rd3
b6 21. Red1 a5 22. Rd7 Rad8 23. R7d3 Nd6 24. Qe2 Nb7 25. R3d2 Qxc3 26. Qa6 Qxc2
27. h3 Rxd2 28. Rxd2 Qc6 29. Qe2 Kg7 30. Rc2 Qd7 31. Nd2 Rc8 32. Nc4 Qd4 33.
Qf3 Nd8 34. Qb3 b5 35. Ne3 Rxc2 36. Qxc2 Qd7 37. Qc5 Ne6 38. Qa3 a4 39. Qb4 Nd4
40. a3 Kf7 41. Kh2 h5 42. Kg1 f5 43. Qd2 Nf3+ 44. gxf3 Qxd2 0-1

[Event "4NCL Online Division 2"]
[Site "online"]
[Date "2020.08.25"]
[Round "1.144"]
[White "Goldrick, Thomas G"]
[Black "Khoury, Theo"]
[Result "1-0"]
[WhiteElo "1879"]
[BlackElo "1832"]
[PlyCount "53"]
[EventDate "2020.08.25"]
[WhiteTeam "The Full Ponty"]
[BlackTeam "CSC 3"]

1. d4 Nf6 2. Bf4 g6 3. Nc3 d5 4. h4 Bg7 5. Qd2 O-O 6. O-O-O c6 7. h5 Bf5 8.
hxg6 Bxg6 9. Bh6 Nbd7 10. Bxg7 Kxg7 11. Qh6+ Kg8 12. f3 b5 13. e4 dxe4 14. Nxe4
Nxe4 15. fxe4 Re8 16. Bd3 Nf8 17. Nf3 e6 18. e5 Qe7 19. Ng5 a5 20. Rdf1 a4 21.
Rxf7 Qxf7 22. Nxf7 Kxf7 23. Bxg6+ hxg6 24. Qg5 Re7 25. Qf6+ Ke8 26. Rh8 Rf7 27.
Qxe6+ 1-0

[Event "4NCL Online Division 2"]
[Site "online"]
[Date "2020.08.25"]
[Round "1.151"]
[White "Alizada, Eldar"]
[Black "Twine, David"]
[Result "1/2-1/2"]
[WhiteElo "2027"]
[BlackElo "2050"]
[PlyCount "80"]
[EventDate "2020.08.25"]
[WhiteTeam "Schach Attack"]
[BlackTeam "Plymouth 1"]

1. d4 Nf6 2. c4 g6 3. Nc3 Bg7 4. e4 d6 5. f3 O-O 6. Be3 c5 7. dxc5 dxc5 8. Qxd8
Rxd8 9. Bxc5 Nc6 10. Nge2 Nd7 11. Be3 Nde5 12. Nf4 Nb4 13. Rd1 Nxf3+ 14. gxf3
Bxc3+ 15. bxc3 Nc2+ 16. Ke2 Rxd1 17. Kxd1 Nxe3+ 18. Kd2 Nxf1+ 19. Rxf1 e6 20.
Ke3 b6 21. Rd1 Ba6 22. c5 bxc5 23. Rd7 Bb5 24. Rc7 c4 25. Ne2 a6 26. Nd4 Rd8
27. Kf4 Re8 28. Nc6 h6 29. Ne5 Rd8 30. Ke3 f6 31. Nxc4 Rd1 32. Nb6 Rd3+ 33. Kf4
e5+ 34. Kg3 Rd6 35. Nd5 Kf8 36. c4 Bc6 37. Ne7 Be8 38. Nd5 Bc6 39. Ne7 Be8 40.
Nd5 Bc6 1/2-1/2

[Event "4NCL Online Division 2"]
[Site "online"]
[Date "2020.08.25"]
[Round "1.152"]
[White "Butland, Nick J"]
[Black "Burrows, Nick"]
[Result "0-1"]
[WhiteElo "1952"]
[BlackElo "2042"]
[PlyCount "110"]
[EventDate "2020.08.25"]
[WhiteTeam "Plymouth 1"]
[BlackTeam "Schach Attack"]

1. d4 d5 2. Nf3 Nf6 3. Bf4 c5 4. e3 Nc6 5. c3 Qb6 6. Qc2 g6 7. dxc5 Qxc5 8.
Nbd2 Bg7 9. Nb3 Qb6 10. Nbd4 a6 11. Be2 O-O 12. O-O Re8 13. h3 e5 14. Nxc6 exf4
15. Ncd4 fxe3 16. Bd3 Bd7 17. Rfe1 exf2+ 18. Qxf2 Qd6 19. Qh4 Nh5 20. Rxe8+
Rxe8 21. Re1 Bf6 22. Rxe8+ Bxe8 23. Qe1 Bd7 24. Bc2 Nf4 25. Qe3 Ne6 26. Bd3 Qf4
27. Qxf4 Nxf4 28. Bf1 Be7 29. Kf2 f5 30. Ne5 Bc8 31. Kf3 Ne6 32. Nd3 Kf7 33.
Nf4 Nxf4 34. Kxf4 Kf6 35. Kf3 g5 36. Bd3 h6 37. g4 f4 38. Nf5 Bf8 39. b3 Bd7
40. a4 Bc6 41. Nd4 Bd7 42. Nf5 b5 43. axb5 Bxb5 44. c4 dxc4 45. bxc4 Bc6+ 46.
Kf2 Ke5 47. Ke2 Be4 48. Kd2 a5 49. Bc2 Bxc2 50. Kxc2 Ke4 51. Kd2 a4 52. Kc2 f3
53. Kb2 Kd3 54. Ka2 Kxc4 55. Kb2 Kd3 0-1

[Event "4NCL Online Division 2"]
[Site "online"]
[Date "2020.08.25"]
[Round "1.153"]
[White "Moyse, Nigel John"]
[Black "Pollock, Richard M"]
[Result "1-0"]
[WhiteElo "2036"]
[BlackElo "1870"]
[PlyCount "75"]
[EventDate "2020.08.25"]
[WhiteTeam "Schach Attack"]
[BlackTeam "Plymouth 1"]

1. d4 d6 2. c4 g6 3. Nc3 Bg7 4. e4 e5 5. d5 a5 6. Bd3 Na6 7. Nge2 Nc5 8. Bc2
Nf6 9. O-O O-O 10. Bg5 h6 11. Bh4 Bd7 12. b3 Qe8 13. Qd2 Kh7 14. Rae1 Nh5 15.
Bg3 f5 16. exf5 gxf5 17. Bh4 Kh8 18. f3 Qf7 19. Bf2 Rg8 20. f4 Nxf4 21. Nxf4
exf4 22. Bd4 Qg6 23. Qxf4 Ne4 24. Bxg7+ Qxg7 25. Bxe4 fxe4 26. Qd2 Bh3 27. Rf2
Rae8 28. Nxe4 Ref8 29. Ng3 Bg4 30. Ref1 Rxf2 31. Qxf2 Qe5 32. Qf6+ Rg7 33.
Qxh6+ Kg8 34. Qf4 Qb2 35. Qf2 Qe5 36. Re1 Qc3 37. Ne4 Qd3 38. Nf6+ 1-0

[Event "4NCL Online Division 2"]
[Site "online"]
[Date "2020.08.25"]
[Round "1.154"]
[White "Quinn, Martin"]
[Black "MacQueen, Stuart"]
[Result "0-1"]
[WhiteElo "1787"]
[BlackElo "2095"]
[PlyCount "44"]
[EventDate "2020.08.25"]
[WhiteTeam "Plymouth 1"]
[BlackTeam "Schach Attack"]

1. e4 e6 2. Nf3 d5 3. Nc3 d4 4. Ne2 c5 5. c3 Nc6 6. cxd4 cxd4 7. Qa4 Bc5 8. b4
Bxb4 9. Nexd4 Nge7 10. Nxc6 Nxc6 11. Bb5 Be7 12. Bxc6+ bxc6 13. Qxc6+ Bd7 14.
Qc2 Rc8 15. Qb3 Rb8 16. Qe3 Bb5 17. Ba3 O-O 18. Bxe7 Qxe7 19. Nd4 Qf6 20. e5
Qg6 21. g3 Bc4 22. Nc6 Rb1+ 0-1

[Event "4NCL Online Division 2"]
[Site "online"]
[Date "2020.08.25"]
[Round "1.161"]
[White "O'Gorman, Alice"]
[Black "Higgie, Charles L"]
[Result "1-0"]
[WhiteElo "1904"]
[BlackElo "1922"]
[PlyCount "77"]
[EventDate "2020.08.25"]
[WhiteTeam "Gonzaga Cing is Believing"]
[BlackTeam "Malpas & Oswestry"]

1. e4 c5 2. Nf3 d6 3. c3 Nf6 4. Be2 g6 5. O-O Bg7 6. Bb5+ Nbd7 7. Re1 a6 8. Bf1
O-O 9. d4 e5 10. d5 Ne8 11. a4 b6 12. Na3 f5 13. exf5 gxf5 14. Bg5 Bf6 15. Bxf6
Qxf6 16. Qd2 e4 17. Ng5 Ne5 18. Nc4 Rb8 19. Nxe5 Qxe5 20. f3 Nf6 21. Bc4 b5 22.
axb5 axb5 23. Ba2 h6 24. Ne6 Bxe6 25. f4 e3 26. Rxe3 Qxf4 27. Rg3+ Qxg3 28.
hxg3 Bf7 29. Qxh6 Ne4 30. Bb1 Ra8 31. Rxa8 Rxa8 32. Bxe4 fxe4 33. Qxd6 e3 34.
Kf1 c4 35. Qf4 Re8 36. Qg5+ Kf8 37. Ke2 Re7 38. Qf5 Re8 39. d6 1-0

[Event "4NCL Online Division 2"]
[Site "online"]
[Date "2020.08.25"]
[Round "1.162"]
[White "Hughes, Richard"]
[Black "O'neill, Sam"]
[Result "0-1"]
[WhiteElo "1900"]
[BlackElo "1889"]
[PlyCount "48"]
[EventDate "2020.08.25"]
[WhiteTeam "Malpas & Oswestry"]
[BlackTeam "Gonzaga Cing is Believing"]

1. d4 Nf6 2. c4 e5 3. dxe5 Ng4 4. Nf3 Bc5 5. e3 Nc6 6. Be2 Ngxe5 7. O-O O-O 8.
Bd2 Nxf3+ 9. Bxf3 a5 10. Bc3 Re8 11. Nd2 Ne5 12. Ne4 Bf8 13. Bh5 Ng6 14. Ng3 d6
15. Qf3 a4 16. Rad1 Be6 17. Bxg6 hxg6 18. Rd4 b5 19. cxb5 Qb8 20. Qc6 Bxa2 21.
Ne4 Re6 22. Ng5 Re5 23. Rg4 Bd5 24. Qd7 Re7 0-1

[Event "4NCL Online Division 2"]
[Site "online"]
[Date "2020.08.25"]
[Round "1.163"]
[White "Cullen, Ben"]
[Black "Bailey, Adrian"]
[Result "1-0"]
[WhiteElo "1888"]
[BlackElo "1787"]
[PlyCount "101"]
[EventDate "2020.08.25"]
[WhiteTeam "Gonzaga Cing is Believing"]
[BlackTeam "Malpas & Oswestry"]

1. d4 Nf6 2. c4 g6 3. g3 Bg7 4. Bg2 O-O 5. Nf3 c6 6. O-O d5 7. Nc3 dxc4 8. Ne5
Be6 9. Be3 Nbd7 10. h3 Nxe5 11. dxe5 Nd5 12. Bd4 c5 13. Bxc5 Nxc3 14. bxc3 Qc7
15. Bd4 Bxe5 16. Rb1 Rab8 17. Bxa7 Rbd8 18. Qc2 b5 19. Bd4 Bxd4 20. cxd4 Rxd4
21. Rxb5 Qd7 22. Rb7 Qd6 23. Rb2 Rd8 24. Qc3 Rd2 25. Rc1 Rd1+ 26. Rxd1 Qxd1+
27. Kh2 Qd4 28. Qxd4 Rxd4 29. Rc2 c3 30. Rxc3 Bxa2 31. Bf3 Bd5 32. Rc8+ Kg7 33.
Rd8 e6 34. e3 Rd3 35. Bxd5 Rxd5 36. Rxd5 exd5 37. Kg2 Kf6 38. f4 h5 39. Kf3 Ke6
40. Ke2 Kf5 41. Kd3 Ke6 42. Kd4 Kd6 43. g4 Ke6 44. gxh5 gxh5 45. Kc5 h4 46. Kc6
f5 47. Kc5 Ke7 48. Kxd5 Kf6 49. Kd6 Kf7 50. Ke5 Kg6 51. Ke6 1-0

[Event "4NCL Online Division 2"]
[Site "online"]
[Date "2020.08.25"]
[Round "1.164"]
[White "Penny, Liam"]
[Black "Moran, Darragh"]
[Result "0-1"]
[WhiteElo "1765"]
[BlackElo "1873"]
[PlyCount "92"]
[EventDate "2020.08.25"]
[WhiteTeam "Malpas & Oswestry"]
[BlackTeam "Gonzaga Cing is Believing"]

1. d4 d5 2. Bf4 c5 3. Nc3 cxd4 4. Qxd4 Nf6 5. e3 Nc6 6. Qd1 e5 7. Bg3 Bb4 8. a3
Ba5 9. b4 Bc7 10. Nb5 Bb8 11. c4 O-O 12. Nf3 Be6 13. cxd5 Nxd5 14. e4 Nb6 15.
Qxd8 Rxd8 16. Be2 a6 17. Nc3 Nd4 18. Nxd4 exd4 19. Bxb8 Raxb8 20. Nb1 d3 21.
Bf3 Nc4 22. Nd2 Rbc8 23. Nxc4 Bxc4 24. Kd2 Bb3 25. Rac1 Rc2+ 26. Rxc2 dxc2+ 27.
Kc1 Ba4 28. Kb2 Rd3 29. Kc1 Rb3 30. Kd2 Rxa3 31. Rc1 Ra2 32. Be2 Rb2 33. Bd3
Kf8 34. f3 Rxb4 35. Bxc2 Rb2 36. Kc3 Rxc2+ 37. Rxc2 Bxc2 38. Kxc2 Ke7 39. Kc3
Kd6 40. Kb4 b6 41. f4 f6 42. g4 g5 43. fxg5 fxg5 44. Kc4 Ke5 45. Kd3 a5 46. Ke3
a4 0-1

[Event "4NCL Online Division 2"]
[Site "online"]
[Date "2020.09.08"]
[Round "2.11"]
[White "Friedgood, David"]
[Black "Pert, Richard G"]
[Result "0-1"]
[WhiteElo "2188"]
[BlackElo "2515"]
[PlyCount "46"]
[EventDate "2020.09.08"]
[WhiteTeam "MK Phoenix 1"]
[BlackTeam "Brentwood A"]

1. c4 e6 2. d4 d5 3. Nf3 Nf6 4. g3 Bb4+ 5. Bd2 Be7 6. Bg2 O-O 7. Qc2 Nbd7 8.
O-O Ne4 9. Bf4 c6 10. Nc3 g5 11. Be3 Nd6 12. c5 Nf5 13. Qd2 g4 14. Ne1 e5 15.
Nc2 exd4 16. Bxd4 Nxc5 17. Rad1 Bg5 18. e3 b6 19. Bxc5 bxc5 20. Qe2 Rb8 21. b3
Ng7 22. e4 Qa5 23. Qd3 Ba6 0-1

[Event "4NCL Online Division 2"]
[Site "online"]
[Date "2020.09.08"]
[Round "2.12"]
[White "Siddharth, Jagadeesh"]
[Black "Tippleston, Charles E"]
[Result "1-0"]
[WhiteElo "2447"]
[BlackElo "2077"]
[PlyCount "77"]
[EventDate "2020.09.08"]
[WhiteTeam "Brentwood A"]
[BlackTeam "MK Phoenix 1"]

1. Nf3 Nf6 2. g3 b6 3. Bg2 Bb7 4. O-O e6 5. c4 c5 6. Nc3 Be7 7. Re1 O-O 8. e4
d6 9. d4 cxd4 10. Nxd4 Qc8 11. b3 Rd8 12. Bb2 Nc6 13. Nc2 Bf8 14. Rc1 Qb8 15.
Ne3 a6 16. f4 Ra7 17. Ng4 Nxg4 18. Qxg4 Ba8 19. Bf1 g6 20. Nd1 Bg7 21. Bxg7
Kxg7 22. Nc3 b5 23. cxb5 Qb6+ 24. Kh1 axb5 25. Bxb5 Nd4 26. Bf1 f5 27. Qd1 fxe4
28. Bg2 d5 29. Na4 Rxa4 30. bxa4 Nf5 31. Rb1 Qa7 32. Rxe4 Rd7 33. Rxe6 Ne3 34.
Qe2 Nxg2 35. Kxg2 d4+ 36. Kh3 h5 37. Rbb6 Qc7 38. Rxg6+ Kh7 39. Qxh5# 1-0

[Event "4NCL Online Division 2"]
[Site "online"]
[Date "2020.09.08"]
[Round "2.13"]
[White "Cox, Toby"]
[Black "White, Russell P"]
[Result "0-1"]
[WhiteElo "2080"]
[BlackElo "2185"]
[PlyCount "54"]
[EventDate "2020.09.08"]
[WhiteTeam "MK Phoenix 1"]
[BlackTeam "Brentwood A"]

1. e4 e5 2. f4 Bc5 3. Nf3 d6 4. c3 Bg4 5. d4 Bxf3 6. gxf3 Qh4+ 7. Ke2 Bb6 8.
Be3 exf4 9. Bf2 Qh6 10. Na3 Nd7 11. Qb3 Ne7 12. Kd2 O-O-O 13. Qxf7 Nc6 14. h4
Kb8 15. Be2 Nf6 16. Rhg1 Rd7 17. Qb3 Re8 18. Kc2 d5 19. e5 Nxe5 20. dxe5 Bxf2
21. exf6 Rxe2+ 22. Kd1 Re8 23. Rf1 Bxh4 24. fxg7 Qxg7 25. Nc2 Qg2 26. Qb5 Rde7
27. b3 Re2 0-1

[Event "4NCL Online Division 2"]
[Site "online"]
[Date "2020.09.08"]
[Round "2.14"]
[White "Hughes, Gavin James"]
[Black "Hunt, Peter"]
[Result "1/2-1/2"]
[WhiteElo "1773"]
[BlackElo "2065"]
[PlyCount "98"]
[EventDate "2020.09.08"]
[WhiteTeam "Brentwood A"]
[BlackTeam "MK Phoenix 1"]

1. e4 d5 2. exd5 Nf6 3. Nf3 Nxd5 4. Be2 c5 5. d3 Nc6 6. O-O e5 7. Re1 Be7 8.
Nc3 Nxc3 9. bxc3 O-O 10. a4 Qa5 11. Bd2 Be6 12. Bf1 f6 13. d4 Bg4 14. d5 Nd8
15. h3 Bd7 16. c4 Qc7 17. Bd3 Nf7 18. Qe2 f5 19. Nxe5 Nxe5 20. Bf4 Bf6 21. Bxe5
Qa5 22. f4 Rae8 23. Qf2 g6 24. Bxf6 Rxf6 25. Qh4 Rff8 26. Re7 Rxe7 27. Qxe7 Rf7
28. Qe5 b6 29. c3 Qa6 30. Qd6 Qa5 31. Qb8+ Rf8 32. Qe5 Qa6 33. Qd6 Qc8 34. a5
Qb7 35. axb6 axb6 36. Rb1 Rb8 37. Re1 Re8 38. Rxe8+ Bxe8 39. Qd8 Kf7 40. Qd6
Qa6 41. Qe6+ Kf8 42. Qf6+ Kg8 43. Qd8 Kf8 44. Qf6+ Kg8 45. d6 Qa4 46. Qe6+ Kf8
47. Qf6+ Kg8 48. Qe6+ Kf8 49. Qf6+ Kg8 1/2-1/2

[Event "4NCL Online Division 2"]
[Site "online"]
[Date "2020.09.08"]
[Round "2.21"]
[White "Fraser-Mitchell, Jeremy N"]
[Black "Whyte, Brian G"]
[Result "0-1"]
[WhiteElo "2058"]
[BlackElo "2048"]
[PlyCount "92"]
[EventDate "2020.09.08"]
[WhiteTeam "St Albans 1"]
[BlackTeam "Malpas & Oswestry Friends"]

1. d4 d6 2. Nf3 g6 3. e4 Bg7 4. Nc3 Bg4 5. Be3 Nc6 6. Qd2 e5 7. d5 Nce7 8. Bb5+
Bd7 9. Bxd7+ Qxd7 10. O-O-O b5 11. Ng5 Nf6 12. f3 Nc8 13. g4 Nb6 14. b3 h5 15.
h3 Rb8 16. Ne2 a5 17. f4 exf4 18. Bd4 h4 19. Qxf4 Qe7 20. Rhf1 Nbd7 21. Kb1 Ne5
22. Bxe5 Qxe5 23. Qxe5+ dxe5 24. Rd3 Rb6 25. Nc3 Ke7 26. Re1 Bh6 27. Nf3 Bg7
28. Nxe5 Re8 29. Nf3 Nd7 30. e5 Nc5 31. Rde3 a4 32. d6+ Kf8 33. dxc7 Ne6 34.
Nd5 Rc6 35. Nxh4 Nxc7 36. Nxc7 Rxc7 37. e6 Rec8 38. exf7 Kxf7 39. R1e2 axb3 40.
axb3 Ra7 41. Kc1 Bh6 42. Rf2+ Kg7 43. Kd2 Re7 44. Rff3 Rxe3 45. Rxe3 Bxe3+ 46.
Kxe3 Rxc2 0-1

[Event "4NCL Online Division 2"]
[Site "online"]
[Date "2020.09.08"]
[Round "2.22"]
[White "Altinsoy, Mehmet Nuri"]
[Black "Collopy, Robert"]
[Result "1-0"]
[WhiteElo "2018"]
[BlackElo "2012"]
[PlyCount "111"]
[EventDate "2020.09.08"]
[WhiteTeam "Malpas & Oswestry Friends"]
[BlackTeam "St Albans 1"]

1. Nf3 c5 2. b3 Nf6 3. Bb2 e6 4. g3 Be7 5. Bg2 O-O 6. c4 d5 7. cxd5 exd5 8. O-O
Nc6 9. d4 b6 10. dxc5 Bxc5 11. Nc3 Ba6 12. Na4 Re8 13. Re1 Bb4 14. Bc3 Rc8 15.
Bxb4 Nxb4 16. Nd4 Ne4 17. a3 Nc6 18. Nxc6 Rxc6 19. Bf3 b5 20. Nb2 Rd6 21. Qd4
Qf6 22. Qxf6 Rxf6 23. Nd3 Bb7 24. Rac1 Nd2 25. Bg2 Nxb3 26. Rc7 Rb6 27. Nf4 Rc8
28. Rxc8+ Bxc8 29. Nxd5 Re6 30. Bh3 Kf8 31. Bxe6 Bxe6 32. e4 Nd4 33. Rb1 Bxd5
34. exd5 Ke7 35. Rb4 Ne2+ 36. Kg2 Nc3 37. Rb3 Nxd5 38. Rxb5 Ke6 39. Ra5 Nc3 40.
Rxa7 Nb5 41. Ra6+ Kd5 42. a4 Nc7 43. Ra7 Kc6 44. Ra5 Kb6 45. Re5 Ne6 46. Rxe6+
fxe6 47. Kf3 Ka5 48. Ke4 Kxa4 49. Ke5 Kb4 50. Kxe6 Kc4 51. Kf7 Kd4 52. Kxg7 h5
53. h4 Ke4 54. Kg6 Kf3 55. Kxh5 Kxf2 56. g4 1-0